000 00499nam a2200193 i 4500
001 bg
100 1 _aKURATOWSKI, Kazimierz
245 0 _aRachunek różniczkowy i całkowy /
_cKazimierz Kuratowski.
250 _aWyd.8.
260 _aWarszawa :
_bPWN,
_c1977.
650 9 _aRachunek różniczkowy
650 9 _aRachunek całkowy
655 _aPodręczniki akademickie
040 _cBPK
041 _apol
080 _a517(075.8)
942 _cKS
008 s pl f |000 0 pol
999 _c23129
_d23129
856 _uhttp://koha.tu.koszalin.pl/cgi-bin/koha/opac-detail.pl?biblionumber=23129
_yKatalog online BPK